00813nam a2200205Ia 4500952011100000999001700111008004100128020001800169050002500187100005200212245011700264250001900381260003200400300001900432519004300451650002200494700004500516700003900561942000700600 00104070a11b11d2010-02-02l2oLB1051 P7418 2007p11 008244r2015-03-17s2015-03-17t1w2012-06-26yLB c72437d72437120626s9999 xx 000 0 und d a9788446022152 aLB1051 b P7418 2007 aLuria, Alexandr Romanovich d1902 - 1977eautor aPsicología y pedagogíac: Alexandr Romanovich, Luria y Leontiev, Vigotsky.: traductor: Ma. Esther, Benítez a3a. edición  aEspaña b: Akal c, 2007  a314 páginas  aMaterial Complementario /d(11 008244) 0aPSICOPEDAGOGÍA  aVygostsky, Leontiev d1896 - 1934eautor aBenítez, Ma. Esther etraductor  cLB